Vakkum vicharavum: (Record no. 181732)

000 -LEADER
fixed length control field 00429nam a22001697a 4500
020 ## - INTERNATIONAL STANDARD BOOK NUMBER
ISBN 9788119443116
082 ## - DEWEY DECIMAL CLASSIFICATION NUMBER
Classification number M 494.812 5
Item number SOM/V
100 ## - MAIN ENTRY--AUTHOR NAME
Personal name Somanadhan P
245 ## - TITLE STATEMENT
Title Vakkum vicharavum:
Sub Title bhashayude vazhikal/
Statement of responsibility, etc by Somanadhan P
250 ## - EDITION STATEMENT
Edition statement 2nd.
260 ## - PUBLICATION, DISTRIBUTION, ETC. (IMPRINT)
Place of publication Kozhikode:
Name of publisher Atma Books,
Year of publication 2024.
300 ## - PHYSICAL DESCRIPTION
Number of Pages 280p.
650 ## - SUBJECT ADDED ENTRY--TOPICAL TERM
Topical Term Grammar Malayalam
650 ## - SUBJECT ADDED ENTRY--TOPICAL TERM
Topical Term Language Malayalam
650 ## - SUBJECT ADDED ENTRY--TOPICAL TERM
Topical Term Language
942 ## - ADDED ENTRY ELEMENTS (KOHA)
Koha item type Book
Holdings
Withdrawn status Lost status Damaged status Not for loan Permanent Location Current Location Shelving location Date acquired Cost, normal purchase price Full call number Accession Number Price effective from Koha item type
        Sree Sankaracharya University of Sanskrit Sree Sankaracharya University of Sanskrit Stacks 21.05.2026 550.00 M 494.812 5 SOM/V 108905 21.05.2026 Book